Language Quiz

Random Language Quiz

Swedish body parts Quiz Stats

 Plays Quiz not verified by Sporcle

Support Sporcle.
Go Orange.
Score 0/29 Timer 05:00
0 Plays Today
Swedish English % Correct
ArmArm
98.8%
FingerFinger
98.2%
HandHand
96.4%
NäsaNose
94%
KnäKnee
93.4%
ÖgaEye
93.4%
HuvudHead
91.6%
ÖraEar
89.2%
BenLeg
87.4%
MunMouth
86.2%
MageStomach
81.4%
Toe
80.8%
FodFoot
79.6%
ArmbågeElbow
76.6%
RyggBack
73.7%
Swedish English % Correct
HalsNeck
73.1%
AxelShoulder
71.3%
NavelNavel
71.3%
TandTooth
70.1%
BröstkorgChest
66.5%
KindCheek
61.7%
NagelNail
58.1%
HakaChin
50.3%
LårThigh
49.7%
PannaForehead
49.1%
HälHeel
43.1%
RevbenRib
38.3%
SkäggBeard
35.3%
SkenbenShinbone
19.8%

You're not logged in!

Compare scores with friends on all Sporcle quizzes.
OR
Log In

From the Vault

Nonstop from the US to London

by DarkPhalanx

Anyone planning on flying to London might want to check this quiz first.
Remove Ads.
Support Sporcle.
Get the best of Sporcle when you Go Orange. This ad-free experience offers more features, more stats, and more fun while also helping to support Sporcle. Thank you for becoming a member.

Show Comments

Extras

Created Feb 11, 2011ReportNominate
Tags:Body Parts, Swedish

Top Quizzes Today


Score Distribution

Your Account Isn't Verified!

In order to create a playlist on Sporcle, you need to verify the email address you used during registration. Go to your Sporcle Settings to finish the process.

Report this User

Report this user for behavior that violates our Community Guidelines.

Details: